000 00831nam a22002177a 4500
999 _c2470
_d2470
003 AR-CdUCM
008 190304b ||||| |||| 00| 0 spa d
040 _aMUNICIPALIDAD PROVINCIAL DEL CUSCO
_cBIBLIOTECA MUNICIPAL DEL CUSCO
082 _a330.1 /
_bT48
100 _aThorp, Willard
_98825
245 _aLa prosperidad :
_bobjetivo y problema /
260 _aEspaña :
_bHispano Europea,
_c1957.
300 _a231 páginas ;
_c20 cm.
505 _aProblemas y objetivos -- El comercio y el problema de los pagos -- Los ajustes a base de una estructura de largo plazo -- Uso y abuso de la intervención estatal...
650 _aDemanda.
_94621
650 _aExpansión económica.
_98826
650 _aDesorden económico.
_98827
700 _aDiaz Andres, C.(traductor)
_98828
942 _2ddc
_cLIBROS
945 _awfj
_d2019-03-04